A "Mintha" bölcselete.
Elmentve itt :
| Szerző: | |
|---|---|
| Adatforrás: | Philobibl |
| Forrásdokumentuma: | Religió 1912. évf., 585-586./599-601./613-615.p. p. |
| Dokumentumtípus: | Cikk |
| Nyelv: | magyar |
| LEADER | 00363nab a2200109 c 4500 | ||
|---|---|---|---|
| 001 | bibDOK00023946 | ||
| 005 | 20200924121809.6 | ||
| 008 | 060518s1912 hu hun | ||
| 100 | 1 | |a Trikál József | |
| 245 | 1 | 3 | |a A "Mintha" bölcselete. |c Trikál József |
| 500 | |a Még 631-634./649-652./663-665./679-683./693-696.p. | ||
| 773 | 0 | |t Religió |g 1912. évf., 585-586./599-601./613-615.p. p. | |